Statistics for Bengali to English Quiz

Click here to take the quiz!

General Stats

  • This quiz has been taken 33 times
  • The average score is 14 of 21

Answer Stats

India BengaliEnglish% Correct
BabaDad
91%
Amar NaamMy name
91%
NaNo
91%
MaaMom
86%
DidiSister
86%
Tomar Naam Ki?What is your name?
86%
TumiYou
86%
Kemon Acho?How are you?
82%
NamaskarHello
77%
DhanyabadThank You
73%
JolWater
73%
Ami Balo AchiI am good
68%
BolecheSaid
64%
Shubo SokalGood Morning
59%
Thik AcheOkay
50%
KeWhat
41%
HyanYes
41%
BolbeSay
36%
Kuri20
32%
LokPerson
32%
LankaChili Peppers
5%

Score Distribution

Percentile by Number Answered

Percent of People with Each Score

Your Score History

You have not taken this quiz